Statistics for Countries Bordering the EU

Click here to take the quiz!

General Stats

  • This quiz has been taken 34,038 times
    (31,597 since last reset)
  • The average score is 16 of 21

Answer Stats

kmCountry% Correct
2257Russia
98%
499United Kingdom
94%
446Turkey
93%
1257Ukraine
86%
1050Belarus
83%
2348Norway
80%
945Serbia
79%
1811Switzerland
78%
3Vatican City
78%
39San Marino
76%
282Albania
73%
120Andorra
73%
932Bosnia and Herzegovina
73%
35Liechtenstein
73%
4Monaco
73%
450Moldova
71%
394North Macedonia
69%
25Montenegro
68%
16Morocco
66%
673Brazil
56%
510Suriname
51%

Score Distribution

Percentile by Number Answered

Percent of People with Each Score

Your Score History

You have not taken this quiz since the last reset